Fourth plan (Record no. 497028)

000 -LEADER
fixed length control field 00394cam a22001097a 4500
008 - FIXED-LENGTH DATA ELEMENTS--GENERAL INFORMATION
fixed length control field 180718b1969 xxu||||| |||| 00| 0 eng d
082 ## - DEWEY DECIMAL CLASSIFICATION NUMBER
Classification number T000x5444 M999/2c
245 ## - TITLE STATEMENT
Title Fourth plan
Statement of responsibility, etc. by Development, Panchyati raj, Housing And Co-operation Department
260 ## - PUBLICATION, DISTRIBUTION, ETC.
Place of publication, distribution, etc.
Name of publisher, distributor, etc. The Government press
Date of publication, distribution, etc. 1969
300 ## - PHYSICAL DESCRIPTION
Extent 208p.
700 ## - ADDED ENTRY--PERSONAL NAME
Personal name Mysore. Development, Panchyati raj, Housing And Co-operation Department
Holdings
Withdrawn status Lost status Damaged status Not for loan Permanent Location Current Location Date acquired Full call number Barcode Date last seen Price effective from Koha item type
        Indian Institute of Public Administration Indian Institute of Public Administration 2018-08-04 T000x5444 M999/2c GG9501 2018-08-04 2018-08-04 GG

Powered by Koha